Laddar...

Public administration and people's participation

Bibliografiska uppgifter
Huvudupphovsman: Sushma Yadav
Språk:Undetermined
Ämnen:
LEADER 00554nab a2200169Ia 4500
008 170811c99999999xx |||||||||||| ||und||
100 |a Sushma Yadav 
245 |a Public administration and people's participation 
300 |a 411-429 
653 |a  Bottom-up model 
653 |a  India 
653 |a  Public Administration 
653 |a top-down model 
773 |t Social Action   |g Vol. 62 No. 4 (Oct-Dec) 2012 
942 |c ART 
999 |c 179605  |d 179605 
952 |0 0  |1 0  |4 0  |7 0  |9 245453  |a LIB  |b LIB  |d 2017-08-13  |h Vol. 62 No. 4 (Oct-Dec) 2012  |r 2017-08-13  |w 2017-08-13  |y ART